000 00966nam a2200217Ii 4500
003 JO-AjNU
008 230605s9999||||xx |||||||||||||| ||und||
040 _aJO-AjNU
_bara
_erda
_cJO-AjNU
041 _aara
050 1 4 _aG34.I2769 1977
100 3 _aابن فضلان، أحمد بن فضلان بن العباس بن راشدبن حماد؛ حققها وعلق عليها وقدمها الدهان، سامي,
_eauthor
_948794
245 0 0 _aرسالة إبن فضلان في وصف الرحلة الى بلاد الترك والخزر والروس والصعاليك
250 _aط2
264 3 1 _aدمشق: وزارة الثقافة ، 1977
300 _a96ص
336 _atext
_btxt
_2rdacontent
337 _aunmediated
_bn
_2rdamedia
338 _avolume
_bnc
_2rdacarrier
490 0 _aالمختار من التراث العربي؛ 3
650 4 _aالرحلات-تركيا-وصف رحلات-الاتحاد السوفيتي-ةصف رحلات
_948795
999 _aA21392
_c24960
_d24960